00378nam a2200133 a 4500001000400000003000900004008004100013040002800054082001700082245005600099260003200155300001000187650004700197205CO-ViMGA141112s2004 ck r 000 u spa d aCO-ViMGAbspacCO-ViMGA04a923.2 S157es10aFrancisco de Paula Santander : bescritos politicos aBogotá : bAncora, c1983 a166 p14aSANTANDER, FRANCISCO DE PAULA, 1792 - 1828